000
00262nam a22000857a 4500
008
161124b xxu||||| |||| 00| 0 eng d
100
_9
1386
_a
CBSE
245
_a
Assesment of practical skills in science and technology - x
260
_a
New delhi
_b
National book trust
_c
2007
999
_c
4102
_d
4102